Statistics for Action Bacon Puzzle

Click here to take the quiz!

General Stats

  • This quiz has been taken 28,750 times
    (21,435 since last reset)
  • The average score is 10 of 17

Answer Stats

Actor% Correct
Sylvester Stallone
95%
Tom Cruise
82%
Mel Gibson
81%
Lucy Liu
77%
Heath Ledger
74%
Cameron Diaz
71%
Mark Wahlberg
60%
Denzel Washington
59%
Danny Glover
53%
Dolph Lundgren
51%
Jason Statham
48%
Jean-Claude Van Damme
47%
Morgan Freeman
40%
Carl Weathers
38%
Dakota Fanning
31%
Chuck Norris
28%
David Carradine
25%

Score Distribution

Percentile by Number Answered

Percent of People with Each Score

Your Score History

You have not taken this quiz since the last reset